Jaro-léto 1968, podzim 1989 /

Hlavní autor: Polášek, Miloš, 1939-2017
Další autoři: Holý, Petr, 1933-2010, Stoniš, Miroslav, 1938-
Jazyk: Čeština
Vydáno: Ostrava : Profil, 1990
Vydání: 1. vyd.
Témata:
Externí odkaz: Digitalizovaný dokument
Fyzický popis: 125 s. : il. ; 20 x 23 cm
Knihy
Uloženo v:
LEADER 01332nam a22003252a 4500
001 000818476
003 CZ BrMZK
005 20060601090044.0
007 ta
008 060601s1990 xr a er|||||||||||cze d
015 |a cnb000054866 
020 |a 80-7034-068-1  |q (brož.) :  |c Kčs 29,00 
040 |a BOA001  |b cze 
080 9 |a 323.27(437)"1989" 
080 |a 943.7"1968" 
100 1 |a Polášek, Miloš,  |d 1939-2017  |7 jn20000402027  |4 aut 
245 1 0 |a Jaro-léto 1968, podzim 1989 /  |c navrhl, uspořádal. a graficky upravil Miloš Polášek ; úvodní texty Petr Holý, Miroslav Stoniš ; foto Petr Berger... [et al.] 
250 |a 1. vyd. 
260 |a Ostrava :  |b Profil,  |c 1990 
300 |a 125 s. :  |b il. ;  |c 20 x 23 cm 
500 |a 10000 výt. 
700 1 |a Holý, Petr,  |d 1933-2010  |7 jk01041870  |4 wfw 
700 1 |a Stoniš, Miroslav,  |d 1938-  |7 jk01121269  |4 wfw 
856 4 1 |u http://www.digitalniknihovna.cz/mzk/uuid/uuid:04d92960-769d-11e2-abbe-005056827e51  |y Digitalizovaný dokument  |x NDK 
910 |a BOA001  |b 2-0955.764 
964 |a Československo - události vnitropolitické - r. 1968 - publikace fotografické 
964 |a Listopad 1989 - Československo - publikace fotografické - r. 1989 
990 |a BK 
995 |a 01 
996 6 |b 2619256146  |c 2-0955.764  |l MZK  |r Sklad / do 1 hodiny  |n 6  |w 000818476  |u 000010  |a 1  |e BOA001  |j MZK50  |s P